Cơ sở lý thuyết Galois
Trình bày lí thuyết các mở rộng trường, nhóm Galois và mở rộng Galois, các kết quả chính và những ứng dụng của lí thuyết Galois
Gardado en:
| Autor Principal: | |
|---|---|
| Outros autores: | |
| Formato: | Libro |
| Idioma: | Vietnamese |
| Publicado: |
H.
Đại học sư phạm
2007
|
| Những chủ đề: | |
| Các nhãn: |
Engadir etiqueta
Sen Etiquetas, Sexa o primeiro en etiquetar este rexistro!
|
| Thư viện lưu trữ: | Mạng thư viện Đại học Đà Nẵng |
|---|
| LEADER | 01297nam a2200349 4500 | ||
|---|---|---|---|
| 001 | 000008018 | ||
| 003 | 4199 | ||
| 005 | 20120307100330.0 | ||
| 008 | 111013s2007 viesd | ||
| 020 | |c 22000đ | ||
| 041 | 0 | |a vie | |
| 082 | |a 512.3 |b DƯ-V | ||
| 100 | 0 | |a Dương Quốc Việt |e Chủ biên | |
| 245 | 0 | |a Cơ sở lý thuyết Galois |c Dương Quốc Việt (Chủ biên); Lê Văn Chua (Tác giả bổ sung) | |
| 260 | |a H. |b Đại học sư phạm |c 2007 | ||
| 300 | |a 144 tr |c 24 cm | ||
| 504 | |a Thư mục: tr. 143 | ||
| 520 | |a Trình bày lí thuyết các mở rộng trường, nhóm Galois và mở rộng Galois, các kết quả chính và những ứng dụng của lí thuyết Galois | ||
| 653 | |a Lí thuyết | ||
| 653 | |a Galois | ||
| 700 | |a Lê Văn Chua |e Tác giả bổ sung | ||
| 910 | |a duyên | ||
| OWN | |a LSP | ||
| AVA | |a UDN50 |b LSP |d 512.3 DƯ-V |e available |t Error 5001 Not defined in file expand_doc_bib_avail. |f 10 |g 0 |h N |i 0 |k 1 | ||
| 999 | |a From the UDN01 | ||
| AVA | |a UDN50 |b LSP |d 512.3 DƯ-V |e available |t Error 5001 Not defined in file expand_doc_bib_avail. |f 10 |g 0 |h N |i 0 |k 1 | ||
| TYP | |a Monograph | ||
| TYP | |a Printed language | ||
| 980 | |a Mạng thư viện Đại học Đà Nẵng | ||